• 首页
  • 本馆介绍
  • 公告通知
  • 最新文献
  • 馆藏检索
  • 电子资源
  • 读者导购
  • 参考咨询
  • 我的图书馆
  • 登录
  • 详细信息显示
  • 放入我的书架
  • 预约/预借图书
  • 作者相关作品
  • 分类相关作品
  • 丛书相关作品
  • 出版社相关作品

书目信息

  • 表格格式
  • 工作单格式
  • 卡片格式
题名:
刑事诉讼举证责任 十一
    
 
作者: 宋纯新 主编
分册:  
出版信息: 北京   中国方正出版社  2001
页数: 9775-6341页
开本: 19cm
丛书名: 诉讼举证责任丛书
单 册:
中图分类: D925.213.4
科图分类:
主题词: 刑事诉讼--举证责任--中国 , 举证责任 , 刑事诉讼
电子资源:
ISBN: 7-80107-461-0
000 00847oam2 2200289 45
001 (011001)c2001047258
005 20090903163437.75
009 (011001)c2001047258
010    @a7-80107-461-0@dCNY30.00
035    @a(011001)c2001047258
100    @a20010521d2001 em y0chiy0110 ea
101 0  @achi
102    @aCN@b110000
105    @ay z 000yy
200 1  @a刑事诉讼举证责任 十一@Axing shi su song ju zheng ze ren shi yi@f宋纯新主编@g本书编写组编著
210    @a北京@c中国方正出版社@d2001
215    @a9775-6341页@d19cm
225 2  @a诉讼举证责任丛书
461  0 @12001 @a诉讼举证责任丛书
606 0  @a刑事诉讼@x举证责任@y中国
606 0  @a举证责任
606 0  @a刑事诉讼
690    @aD925.213.4@v4
701  0 @a宋纯新@Asong chun xin@4主编
801  0 @aCN@c20090903
905    @aBZT@dD925.213.4@e1-11
906    @dCNY309.00@n0@r1
    
    刑事诉讼举证责任 十一/宋纯新主编/本书编写组编著.-北京:中国方正出版社,2001
    9775-6341页;19cm.-(诉讼举证责任丛书)
    
    
    ISBN 7-80107-461-0:CNY30.00
    
●
相关链接 在五车中查询图书 在当当中查询图书 在豆瓣中查询图书


正题名:刑事诉讼举证责任 十一     索取号:D925.213.4/1-11         预约/预借

序号 登录号 条形码 馆藏地/架位号 状态 备注
1 398336   210279893   中心书库南/014架A面3层7列/ [索取号:D925.213.4/1-11] 在馆    
2 398337   210279900   中心书库南/014架A面3层7列/ [索取号:D925.213.4/1-11] 在馆    
3 398338   210279875   中心书库南/014架A面3层7列/ [索取号:D925.213.4/1-11] 在馆    
4 398339   210279857   中心书库南/014架A面3层7列/ [索取号:D925.213.4/1-11] 在馆    
5 398340   210279884   中心书库南/014架A面3层7列/ [索取号:D925.213.4/1-11] 在馆    
6 398341   210279866   中心书库南/014架A面3层7列/ [索取号:D925.213.4/1-11] 在馆    
7 398342   210279839   中心书库南/014架A面3层7列/ [索取号:D925.213.4/1-11] 在馆    
8 398343   210279848   中心书库南/014架A面3层7列/ [索取号:D925.213.4/1-11] 在馆    
9 398344   210279811   中心书库南/014架A面3层7列/ [索取号:D925.213.4/1-11] 在馆    
10 398345   210279820   中心书库南/014架A面3层7列/ [索取号:D925.213.4/1-11] 在馆    
山东省滨州职业学院图书馆 欢迎您!
大连网信软件有限公司© 版权所有